| 000 | 00541nam a22001817a 4500 | ||
|---|---|---|---|
| 999 |
_c26328 _d26328 |
||
| 003 | BDDh-ASL | ||
| 005 | 20231015030630.0 | ||
| 008 | 211007s1954 i ||||| |||| 00| 0 u d | ||
| 040 |
_aBDDh-ASL _cBDDh-ASL |
||
| 082 |
_a297.321 _bANI |
||
| 100 | 1 |
_94806 _aAnsari, Hamid Al |
|
| 245 | 1 | 0 | _aIslam Ka Nejame Hukumat : / اسلام کا نظام حکومت |
| 246 | _aIslam Ka Nejame Hukumat | ||
| 260 |
_aDelhi : _bNadwatul Musannifeen , _c1954. |
||
| 300 |
_a454 p. : _c25 cm. |
||
| 650 | 0 |
_91652 _aIslam _xPolitics |
|
| 942 |
_2ddc _cBK |
||